| 000 | 00369nam a2200145Ia 4500 | ||
|---|---|---|---|
| 008 | 230312s9999||||xx |||||||||||||| ||und|| | ||
| 020 | _a0-15-606396-4 | ||
| 082 |
_a618.92 _bSTE-H |
||
| 100 | _aSterling;Ronald | ||
| 245 | 0 | _aHow to select and install medical software | |
| 260 |
_bHarcourt _aAmerica _c1996 |
||
| 300 | _a144 | ||
| 650 |
_aMedical _vMedical |
||
| 942 | _cBK | ||
| 999 |
_c1392 _d1392 |
||